| 000 | 01934nam a2200265Ia 4500 | ||
|---|---|---|---|
| 003 | OSt | ||
| 005 | 20211022141056.0 | ||
| 008 | 210310s1972 mx ad fr 000 0dspa d | ||
| 040 |
_aCO-JMCR _cCO-JMCR |
||
| 041 | 1 |
_aspa _heng |
|
| 082 | 0 | 4 |
_a338.973 / _bT629p _223 |
| 100 | 1 |
_aTobin, James, _917849 _eautor |
|
| 245 | 1 | 0 |
_aPolítica económica nacional : _b(ensayos) / _cJames Tobin ; traducción de Guillermo Cárdenas |
| 250 | _aPrimera edición | ||
| 260 |
_aMéxico : _bFondo de Cultura Económica, _c1972 |
||
| 300 |
_a222 páginas ; _c21 cm. |
||
| 490 | 0 | _aSección de Obras de Economía | |
| 500 | _aIncluye notas a pie de página y datos biográficos del autor. Título original: National economic policy | ||
| 505 | 0 | _aEl gobierno y la economía -- La política fiscal, el presupuesto y el crecimiento -- Política monetaria e inflación -- El sistema monetario internacional -- La economía académica en Washington | |
| 520 | 3 | _aEscritos en lenguaje Ilano por uno de los más lúcidos economistas estadounidenses, estos ensayos abordan temas clave de la economía norteamericana, que han sido núcleo de controversias dentro de la política económica nacional desde el fin de la segunda Guerra Mundial: la frontera entre la industria privada y el Gobierno, la restricción monetaria y los controles directos, el problema de la liquidez internacional. Y todos los ensayos alcanzan su objetivo: ponen en tela de juicio la trayectoria de las políticas monetaria y fiscal hacia el logro del empleo pleno, la estabilidad de los precios y el crecimiento económico. Asimismo, el autor analiza con espíritu crítico los recientes problemas de la balanza de pagos norteamericana, la posición del dólar y su futuro como moneda internacional. | |
| 546 | _aTraducido del inglés. | ||
| 650 | 1 | 4 |
_aPolítica económica _917851 _zEstados Unidos |
| 700 | 1 |
_aCárdenas, Guillermo, _etraducción _941263 |
|
| 942 |
_2ddc _cBK |
||
| 999 |
_c8637 _d8637 |
||